Operating system / (Record no. 18092)
[ view plain ]
| 000 -LEADER | |
|---|---|
| fixed length control field | 00851nam a22002297a 4500 |
| 008 - FIXED-LENGTH DATA ELEMENTS--GENERAL INFORMATION | |
| fixed length control field | 081106t xxu||||| |||| 00| 0 eng d |
| 010 ## - LCCN (DPL NO) | |
| LC control number | ENG-91522 |
| 020 ## - INTERNATIONAL STANDARD BOOK NUMBER | |
| Terms of availability | 250.00 |
| International Standard Book Number | 9788180160837 |
| 020 ## - INTERNATIONAL STANDARD BOOK NUMBER | |
| Terms of availability | 250.00 |
| International Standard Book Number | 8180160831 |
| 035 ## - SYSTEM CONTROL NUMBER | |
| System control number | EN-75055 |
| 037 ## - SOURCE OF ACQUISITION | |
| Source of stock number/acquisition | DBAD / PUB |
| 040 ## - CATALOGING SOURCE | |
| Original cataloging agency | dpl |
| Language of cataloging | English |
| 082 ## - DEWEY DECIMAL CLASSIFICATION NUMBER | |
| Classification number | 005.43 |
| 100 ## - MAIN ENTRY--PERSONAL NAME | |
| Personal name | Kumarkombaiya, A. |
| 245 ## - TITLE STATEMENT | |
| Title | Operating system / |
| Statement of responsibility, etc | by A. Kumarkombaiya |
| 260 ## - PUBLICATION, DISTRIBUTION, ETC. (IMPRINT) | |
| Place of publication, distribution, etc | Coimbatore |
| Name of publisher, distributor, etc | Teachers Publishing House |
| Date of publication, distribution, etc | 2008 |
| 270 ## - ADDRESS | |
| Address | 531, Avinashi Road, Peelamedu, |
| City | Coimbatore |
| Postal code | 641004 |
| 300 ## - PHYSICAL DESCRIPTION | |
| Extent | 248p.: |
| Dimensions | 28cm (pbk) |
| Other physical details | ill. |
| 650 ## - SUBJECT ADDED ENTRY--TOPICAL TERM | |
| Topical term or geographic name as entry element | Operating systems (Computers) |
| 942 ## - ADDED ENTRY ELEMENTS (KOHA) | |
| Source of classification or shelving scheme | Dewey Decimal Classification |
| Item type | English Books |
| Call number suffix | KUM |
| Classification part | 005.43 |
| Withdrawn status | Lost status | Source of classification or shelving scheme | Damaged status | Not for loan | Collection code | Home library | Current library | Date acquired | Source of acquisition | Cost, normal purchase price | Total Checkouts | Full call number | Barcode | Date last seen | Copy number | Cost, replacement price | Koha item type |
|---|---|---|---|---|---|---|---|---|---|---|---|---|---|---|---|---|---|
| Dewey Decimal Classification | Not For Loan | Non-fiction | D.B.Act.Division | D.B.Act.Division | 06/11/2008 | DBAD / PUB | 250.00 | 005.43 KUM | EN-75055 | 06/11/2008 | 1 | 250.00 | English Books |
